[Event "IRL-ch 102nd"]
[Site "Dublin"]
[Date "2023.08.05"]
[Round "1"]
[White "Ivanov, Andrey A"]
[Black "Haque, Muhtarim Ul"]
[Result "0-1"]
[WhiteElo "1900"]
[BlackElo "2102"]
[PlyCount "92"]
[EventDate "2023.08.05"]
[EventType "swiss"]
[EventRounds "9"]
[EventCountry "IRL"]
[SourceTitle "CBM 215 Extra"]
[Source "ChessBase"]
[SourceDate "2023.09.30"]
[SourceVersion "1"]
[SourceVersionDate "2023.09.30"]
[SourceQuality "1"]

1. d4 d5 2. c4 e6 3. Nc3 c5 4. e3 Nf6 5. Nf3 Nc6 6. Be2 a6 7. cxd5 exd5 8. a4 Bd6 9. 0-0 0-0 10. dxc5 Bxc5 11. Nd4 Re8 12. Bf3 Ne5 13. h3 Nxf3+ 14. Qxf3 Ne4 15. Nb3 Bd6 16. Rd1 Qh4 17. Nxe4 dxe4 18. Qe2 Bxh3 19. Rxd6 Bxg2 20. Kxg2 Re5 21. f4 exf3+ 22. Qxf3 Rg5+ 23. Kf1 Qh2 24. Qf2 Qxd6 25. Nd4 Rg6 26. Ke2 Qd5 27. Nf3 Rd8 28. Bd2 Qd3+ 29. Ke1 Rh6 30. Qg2 Qe4 31. Ke2 Re6 32. Qf2 h6 33. a5 Rd5 34. Rc1 Qd3+ 35. Ke1 Rh5 36. Rc8+ Kh7 37. Qg2 Rg6 38. Qf1 Qe4 39. Rc4 Qb1+ 40. Ke2 Qxb2 41. Rb4 Qc2 42. Rxb7 Rf5 43. Rb4 Rxa5 44. Rf4 Ra2 45. Qh3 Ra1 46. Rxf7 Qc4+ 0-1

[Event "Dublin Gonzaga Masters"]
[Site "Dublin"]
[Date "2020.01.25"]
[Round "3"]
[White "Turner, Matthew"]
[Black "Haque, Muhtarim Ul"]
[Result "1-0"]
[WhiteElo "2521"]
[BlackElo "2045"]
[PlyCount "51"]
[EventDate "2020.01.24"]
[EventType "swiss"]
[EventRounds "5"]
[EventCountry "IRL"]
[SourceTitle "CBM 194"]
[Source "ChessBase"]
[SourceDate "2020.01.27"]
[SourceVersion "1"]
[SourceVersionDate "2020.01.27"]
[SourceQuality "1"]

1. d4 Nf6 2. Nf3 g6 3. g3 Bg7 4. c4 0-0 5. Bg2 d5 6. 0-0 c6 7. cxd5 cxd5 8. Nc3 Nc6 9. Ne5 e6 10. f4 Nd7 11. Be3 Ndxe5 12. dxe5 Bd7 13. Bf2 Na5 14. e4 dxe4 15. Nxe4 Bc6 16. Qe2 Bxe4 17. Bxe4 Re8 18. b4 Nc6 19. b5 Na5 20. Rac1 a6 21. bxa6 bxa6 22. Rfd1 Qb8 23. Qd2 Nb7 24. Qd7 Na5 25. Rc7 Rf8 26. Bc5 1-0

[Event "Dublin Irish New Year IM2"]
[Site "Dublin"]
[Date "2020.01.03"]
[Round "3"]
[White "Melaugh, Gavin"]
[Black "Haque, Muhtarim Ul"]
[Result "0-1"]
[WhiteElo "2076"]
[BlackElo "2045"]
[PlyCount "70"]
[EventDate "2020.01.02"]
[EventType "tourn"]
[EventRounds "9"]
[EventCountry "IRL"]
[SourceTitle "CBM 194 Extra"]
[Source "ChessBase"]
[SourceDate "2020.03.31"]
[SourceVersion "1"]
[SourceVersionDate "2020.03.31"]
[SourceQuality "1"]

1. c4 e5 2. Nc3 Bb4 3. e4 Nf6 4. d3 0-0 5. a3 Bxc3+ 6. bxc3 c6 7. Bg5 d6 8. Nf3 Re8 9. Be2 Nbd7 10. 0-0 Nf8 11. Ne1 h6 12. Be3 Ng6 13. f4 exf4 14. Bxf4 Qb6+ 15. Kh1 Nxf4 16. Rxf4 d5 17. Rb1 Qc7 18. Rxf6 gxf6 19. cxd5 cxd5 20. Qd2 dxe4 21. dxe4 Kg7 22. Nf3 Bd7 23. Rb4 Rad8 24. Nd4 Rxe4 25. Bd3 Re5 26. Rc4 Qd6 27. Qf2 Qxa3 28. Nf3 Qc1+ 29. Bf1 Rf5 30. Qg3+ Kh7 31. Kg1 Bb5 32. Qg4 Rdd5 33. h4 Bxc4 34. Qxc4 Qe3+ 35. Kh2 Qf4+ 0-1

[Event "Dublin St Andrews op-A"]
[Site "Dublin"]
[Date "2019.09.20"]
[Round "1"]
[White "Venkatesan, Kavin"]
[Black "Haque, Muhtarim Ul"]
[Result "1-0"]
[WhiteElo "1803"]
[BlackElo "2085"]
[PlyCount "65"]
[EventDate "2019.09.20"]
[EventType "swiss"]
[EventRounds "5"]
[EventCountry "IRL"]
[SourceTitle "EXT 2020"]
[Source "ChessBase"]
[SourceDate "2019.10.17"]
[SourceVersion "1"]
[SourceVersionDate "2019.10.17"]
[SourceQuality "1"]

1. d4 d5 2. c4 e6 3. Nc3 c5 4. cxd5 exd5 5. Nf3 Nc6 6. g3 c4 7. Bg2 Bb4 8. 0-0 Nge7 9. Bf4 a6 10. Ne5 Bxc3 11. Nxc6 Nxc6 12. bxc3 0-0 13. Qc2 b5 14. Rab1 Be6 15. Rfd1 g5 16. Bc1 f5 17. Kh1 Rb8 18. Ba3 Rf7 19. e3 Rbb7 20. f4 g4 21. Bc5 h5 22. Kg1 Rh7 23. Kf2 h4 24. Rh1 h3 25. Bf1 Rhc7 26. Be2 Rc8 27. Bxg4 Qd7 28. Bxh3 a5 29. a3 Nb8 30. g4 fxg4 31. Qg6+ Kh8 32. Qh6+ Kg8 33. Rbg1 1-0

[Event "IRL-ch"]
[Site "Dublin"]
[Date "2019.08.08"]
[Round "6"]
[White "Moran, Darragh"]
[Black "Haque, Muhtarim Ul"]
[Result "1/2-1/2"]
[WhiteElo "1847"]
[BlackElo "2036"]
[PlyCount "64"]
[EventDate "2019.08.03"]
[EventType "swiss"]
[EventRounds "9"]
[EventCountry "IRL"]
[SourceTitle "CBM 191 Extra"]
[Source "ChessBase"]
[SourceDate "2019.09.30"]
[SourceVersion "1"]
[SourceVersionDate "2019.09.30"]
[SourceQuality "1"]

1. d4 d5 2. Bf4 c5 3. e3 Nc6 4. Nc3 Nf6 5. Nb5 e5 6. Bxe5 Nxe5 7. dxe5 a6 8. Nc3 d4 9. exf6 dxc3 10. Qxd8+ Kxd8 11. fxg7 Bxg7 12. b3 Bf5 13. 0-0-0+ Kc7 14. Bd3 Bxd3 15. Rxd3 Rhd8 16. Rxd8 Rxd8 17. Nf3 b5 18. Rd1 Rxd1+ 19. Kxd1 Kb6 20. Ng5 Ka5 21. Nxf7 Kb4 22. f4 Ka3 23. e4 Kxa2 24. Kc1 c4 25. bxc4 Bf8 26. cxb5 axb5 27. Ne5 b4 28. Nc4 Bc5 29. Kd1 b3 30. cxb3 Kb1 31. Nd2+ Kb2 32. Nc4+ Kb1 1/2-1/2

[Event "Dhaka Powertec op-B"]
[Site "Dhaka"]
[Date "2017.07.16"]
[Round "2"]
[White "Haque, Muhtarim Ul"]
[Black "Md Abdur, Raufe Aziz"]
[Result "1-0"]
[WhiteElo "1797"]
[BlackElo "1927"]
[PlyCount "131"]
[EventDate "2017.07.15"]
[EventType "swiss"]
[EventRounds "9"]
[EventCountry "BAN"]
[SourceTitle "EXT 2018"]
[Source "ChessBase"]
[SourceDate "2017.10.13"]
[SourceVersion "1"]
[SourceVersionDate "2017.10.13"]
[SourceQuality "1"]

1. e4 e5 2. Bc4 Nf6 3. d3 Be7 4. Nf3 d6 5. 0-0 0-0 6. Re1 Be6 7. Bxe6 fxe6 8. c3 Nc6 9. Qb3 Qc8 10. Ng5 Nd8 11. d4 h6 12. dxe5 hxg5 13. exf6 Bxf6 14. Nd2 g4 15. Nc4 Nc6 16. Qd1 e5 17. Ne3 Qe6 18. Qxg4 Qxg4 19. Nxg4 Rae8 20. Ne3 Ne7 21. a4 Ng6 22. g3 Rf7 23. a5 Bd8 24. Nf5 Ne7 25. Nxe7+ Bxe7 26. Be3 b6 27. axb6 axb6 28. Ra7 Bd8 29. b4 g5 30. c4 g4 31. Rd1 Kg7 32. Rd5 Bf6 33. c5 bxc5 34. bxc5 dxc5 35. Rxc5 Ree7 36. Bd2 Rd7 37. Ba5 Rd4 38. Rcxc7 Rxc7 39. Rxc7+ Kg6 40. Rc6 Kf7 41. Rb6 Rxe4 42. Rb4 Rxb4 43. Bxb4 e4 44. Bc5 Ke6 45. h4 Kd5 46. Bf8 Ke6 47. Kf1 Kf7 48. Bc5 Bg7 49. Ke2 Ke6 50. Ke3 Kf5 51. Bd6 Bh6+ 52. Bf4 Bf8 53. h5 Bc5+ 54. Ke2 Bf8 55. h6 Bc5 56. Be3 Bf8 57. Bf4 Bc5 58. Be3 Bf8 59. Kd2 Ke6 60. Kc3 Kd5 61. Bf4 Bc5 62. Be3 Bf8 63. Kc2 Ke6 64. h7 Bg7 65. Bd2 Kf7 66. Bc3 1-0

[Event "Daventry Stokes Cup U12"]
[Site "Daventry"]
[Date "2016.07.18"]
[Round "3.1"]
[White "Haque, Muhtarim Ul"]
[Black "Guha, Chirag"]
[Result "0-1"]
[WhiteElo "1602"]
[BlackElo "1739"]
[PlyCount "48"]
[EventDate "2016.07.18"]
[EventType "team-tourn"]
[EventRounds "5"]
[EventCountry "ENG"]
[SourceTitle "EXT 2020"]
[Source "ChessBase"]
[SourceDate "2019.10.17"]
[SourceVersion "1"]
[SourceVersionDate "2019.10.17"]
[SourceQuality "1"]
[WhiteTeam "Ireland"]
[BlackTeam "Wales"]
[WhiteTeamCountry "IRL"]
[BlackTeamCountry "WLS"]

1. e4 e5 2. Nf3 Nc6 3. Bb5 f5 4. d3 fxe4 5. dxe4 Nf6 6. 0-0 Bc5 7. Bg5 d6 8. Nc3 0-0 9. Nd5 Kh8 10. c3 Ne7 11. Nxe7 Qxe7 12. b4 Bb6 13. Qd3 Bg4 14. Nh4 Qf7 15. Be3 Qh5 16. Bxb6 axb6 17. g3 c6 18. Bc4 b5 19. Bb3 Be2 20. Qc2 Bxf1 21. Rxf1 Rae8 22. Qd3 d5 23. Bd1 Qf7 24. exd5 Qxd5 0-1